000 01564nam a2200229Ia 4500
003 Ost
005 20260507075010.0
008 260507s9999||||xx |||||||||||||| ||und||
020 _a9789957250539
040 _cfsecg
041 _aara
082 _a658.57
100 _aالصمادي، أحمد محمد الهزاع
_eمؤلف
245 0 _aأساسيات بحوث العمليات /
_c أحمد محمد الهزاع الصمادي
260 _aعمان:
_bدار قنديل للنشر,
_c2008
300 _a280 صفحة؛
_c24 سم
504 _aبيبليوغرافيا: ص.276
520 _aيتناول الكاتب مقدمة في بحوت العمليات والبرمجة الخطية تعريف البرمجة الخطية وكيفية بناء النمودج الرياضي كما تطرق الي التحليل الحسي والنمودج المقابل التحليل الحسي والحدود الدنيا والقصوي لدالة الهدف كدالك مشاكل النقل المفهوم العام لمشاكل النقل طرق ايجاد الحل الابتدائي لمشاكل النقل ومشاكل التعيين من المفهوم العام لمشاكل التعيين وطرق حل مشاكل التعيينايضا التحليل الشبكي اهمية التحليل الشبكي مفاهيم اساسية في التحليل الشبكي وحلول بعض الاسئلة .ملحق .اسئلة امتحان شامل
653 _aإدارة الأعمال
653 _aبحوث العمليات
942 _cكتاب
999 _c42153
_d42153